| 000 | 00859nam a22002177a 4500 | ||
|---|---|---|---|
| 003 | AR-FvUNAJ | ||
| 005 | 20230920195838.0 | ||
| 008 | 230904s2021 | |||| 00| 0 spa d | ||
| 040 |
_cAR-FvUNAJ _dAR-FvUNAJ _eaacr2 |
||
| 110 | 1 |
_918172 _aBolivia. Ministerio de Relaciones Exteriores |
|
| 245 | 1 | 0 |
_aVivir bien : _bmensajes y documentos sobre el Vivir Bien 1995-2010 / _cMinisterio de Relaciones Exteriores |
| 260 |
_aBolivia: _bMinisterio de Relaciones Exteriores, _c[2010] |
||
| 300 |
_a215 p. _bdigital |
||
| 440 |
_aDiplomacia por la Vida _n3 _918173 |
||
| 650 | 2 | 7 |
_9779 _aMEDIO AMBIENTE _2unescot |
| 650 | 2 | 7 |
_91102 _aCAMBIO CLIMATICO _2agrovoc |
| 650 | 2 | 7 |
_910109 _aPUEBLOS ORIGINARIOS _2saij |
| 856 | _uhttps://www.bivica.org/files/diplomacia-vida_tres.pdf | ||
| 942 |
_2ddc _cLIBRO DIGI |
||
| 980 |
_619226 _a Palazón Marcela I. _819226 _g Palazón Marcela I. |
||
| 999 |
_c9280 _d9280 |
||